| 000 | 00812nam a2200217 a 4500 | ||
|---|---|---|---|
| 001 | 65295 | ||
| 003 | BD-RjUL | ||
| 005 | 20211209081416.0 | ||
| 008 | 170304s1960 ii ||||| |||| 00| 0 ben d | ||
| 035 | _a(BD-RjUL)65425 | ||
| 040 |
_aBD-RjUL _beng _cBD-RjUL _dBD-RjUL |
||
| 041 | _aben | ||
| 082 |
_223 _a891.4414 _bDEB 1960 |
||
| 100 | 1 |
_aদেবী, মৈএেয়ী _9175786 |
|
| 245 | 1 | 0 |
_aবিশ্বসভায় রবীন্দ্রনাথ / _cমৈএেয়ী দেবী |
| 260 |
_aকলিকাতা : _bগ্রন্থম, _c১৯৬০ |
||
| 300 |
_a২৯৮ পৃ. ; _c২১ সেমি. |
||
| 600 |
_aঠাকুর, রবীন্দ্রনাথ, _d১৮৬১-১৯৪১ _9173235 |
||
| 600 |
_aTagore, Rabindranath, _d1861-1941 _9176622 |
||
| 942 |
_2ddc _cBK |
||
| 999 |
_c65295 _d65295 |
||